Principles of CMOS VLSI design (Record no. 2744)

000 -LEADER
fixed length control field 00701nam a2200229 a 4500
001 - CONTROL NUMBER
control field 2744
003 - CONTROL NUMBER IDENTIFIER
control field BD-DhUET
008 - FIXED-LENGTH DATA ELEMENTS--GENERAL INFORMATION
fixed length control field 920421s1993 mauaf b 001 0 eng
020 ## - INTERNATIONAL STANDARD BOOK NUMBER
International Standard Book Number 0201533766
040 ## - CATALOGING SOURCE
Original cataloging agency DLC
Transcribing agency DLC
Modifying agency BD-DhUET
082 00 - DEWEY DECIMAL CLASSIFICATION NUMBER
Classification number 623.8173
Item number WES/1992
100 1# - MAIN ENTRY--PERSONAL NAME
Personal name Weste, Neil H. E.
245 10 - TITLE STATEMENT
Title Principles of CMOS VLSI design
Remainder of title a systems perspective
Statement of responsibility, etc. by Neil H.E. Weste and Kamran Eshraghian
250 ## - EDITION STATEMENT
Edition statement 2nd ed.
260 ## - PUBLICATION, DISTRIBUTION, ETC. (IMPRINT)
Place of publication, distribution, etc. New York
Name of publisher, distributor, etc. Addison-Wesley Publishing
Date of publication, distribution, etc. 1993
300 ## - PHYSICAL DESCRIPTION
Extent xxii, 713 p.
490 ## - SERIES STATEMENT
Series statement The VLSI system series
504 ## - BIBLIOGRAPHY, ETC. NOTE
Bibliography, etc Includes bibliographies
650 #0 - SUBJECT ADDED ENTRY--TOPICAL TERM
Topical term or geographic name as entry element Integrated circuits- VLSI-Design and construction
700 ## - ADDED ENTRY--PERSONAL NAME
Personal name Eshraghian, Kamran
942 ## - ADDED ENTRY ELEMENTS (KOHA)
Koha item type General Book
Holdings
Koha issues (times borrowed) Location (home branch) Withdrawn status Shelving location Piece designation (barcode) Koha full call number Koha item type Not for loan Copy number Koha date last borrowed Koha normalized classification for sorting Lost status Price effective from Sublocation or collection (holding branch) Koha date last seen Damaged status Source of classification or shelving scheme Date acquired
 Central Library, BUET Circulation section107718623.8173/WES/1993General Book 1 623_817300000000000_WES_1993 2014-09-30Central Library, BUET2014-09-30  2014-09-30
1Central Library, BUET Circulation section107801623.8173/WES/1993General Book 22014-12-13623_000000000000000_8173WES199 2014-09-30Central Library, BUET2015-01-10  2014-09-30
 Central Library, BUET Circulation section91121623.8173/WES/1993General Book 3 623_000000000000000_8173WES199 2014-10-29Central Library, BUET2014-10-29  2014-10-29
 Central Library, BUET Circulation section91119623.8173/WES/1993General Book 4 623_817300000000000_WES_1993 2014-10-29Central Library, BUET2014-10-29  2014-10-29
 Central Library, BUET Circulation section91120623.8173/WES/1992General Book 5 623_000000000000000_8173WES199 2014-11-01Central Library, BUET2014-11-01  2014-11-01
1Central Library, BUET Circulation section91124623.8173/WES/1992General Book 62018-08-14623_000000000000000_8173WES199 2014-11-01Central Library, BUET2018-08-27  2014-11-01
 Central Library, BUET Circulation section91123623.8173/WES/1993General Book 7 623_000000000000000_8173WES199 2014-11-09Central Library, BUET2017-01-01  2014-11-09
 Central Library, BUET Reading section90588623.8173/WES/1993Reading Item 8 623_817300000000000_WES_1993 2015-07-02Central Library, BUET2015-07-02  2015-07-02
 Central Library, BUET Circulation section91122623.8173/WES/1993General Book 9 623_817300000000000_WES_1993 2019-01-30Central Library, BUET2019-01-30  1997-04-28